Parroquia San Xavier : Escala 1 : 100 : 1989 /

Templo proyectado por el arquitecto Julio de la Peña en la calle Paseo Loma Ancha, Colinas de San Javier, Zapopan. Contenido: 1) Planta baja, aulas, entresuelo, cripta; 4) Alzados.

Kaydedildi:
Detaylı Bibliyografya
Yazar: Peña, Julio de la (autor)
Materyal Türü: Resim
Konular:
Etiketler: Etiketle
Etiket eklenmemiş, İlk siz ekleyin!

MARC

LEADER 00000nkm^a2200000^a^4500
001 000268777
005 20250521000000.0
009 20260310110904.012
037 |a Acervo ITESO - Biblioteca 
041 |a GRA 
082 |a 720. 97206  |b PEÑ REL XAV V. 44 
100 |a Peña, Julio de la  |e (autor) 
240 1 1 |a [Arquitectura religiosa de Julio de la Peña] 
240 1 1 |a [Templo San Francisco Javier de las Colinas: plantas] 
240 1 1 |a [Templo San Francisco Javier de las Colinas: alzados] 
240 1 1 |a [Templo San Francisco Javier de las Colinas] 
245 1 0 |a Parroquia San Xavier :  |b Escala 1 : 100 : 1989 /  |c J. de la Peña. 
255 |a Escala 1 : 100 ;  |b Orientado con el norte a la izquierda 
264 0 |a Guadalajara, México :  |b dibujo inédito,  |c 1989 
300 |a 1 copia en papel albanene, 1 copia en papel bond 
300 |a 3 dibujos arquitectónicos :  |b dibujo a tinta ;  |c 28.5 x 43.0 cm. 
336 |a imagen fija bidimensional :  |b sti  |2 rdacontenido 
337 |a sin mediación  |b n  |2 rdamedio 
338 |a plano arquitectónico  |b nz  |2 rdasoporte 
520 |a Templo proyectado por el arquitecto Julio de la Peña en la calle Paseo Loma Ancha, Colinas de San Javier, Zapopan. Contenido: 1) Planta baja, aulas, entresuelo, cripta; 4) Alzados. 
649 |a XX 
650 |a Arquitectos Jaliscienses 
650 |a Arquitectos Mexicanos 
650 |a Artistas Jaliscienses 
650 |a Artistas Mexicanos 
650 |a Templos Cristianos -  |z Zapopan, Jalisco -  |x Tema Principal 
650 |a Templos Cristianos -  |z México 
650 |a Templos -  |z Zapopan, Jalisco 
650 |a Templos -  |z México 
650 |a Planos Arquitectónicos -  |x Tema Principal 
650 |a Planos Arquitectónicos -  |x Plantas 
650 |a Planos Arquitectónicos -  |x Alzados 
650 |a Dibujo Arquitectónico 
650 |a Dibujo Técnico 
650 |a Representación Arquitectónica 
650 |a Diseño Arquitectónico 
650 |a Arquitectura Religiosa -  |z Zapopan, Jalisco -  |x Tema Principal 
650 |a Arquitectura Religiosa -  |z México 
650 |a Arquitectura Moderna -  |z Zapopan, Jalisco -  |x Tema Principal 
650 |a Arquitectura Moderna -  |z México 
650 |a Arquitectura Jalisciense -  |y 1980-1989 
650 |a Arquitectura Jalisciense -  |y Siglo XX 
650 |a Arquitectura Mexicana -  |y 1980-1989 
650 |a Arquitectura Mexicana -  |y Siglo XX 
650 |a Arte Religioso -  |z Zapopan, Jalisco 
650 |a Arte Religioso -  |z México 
650 |a Arte Moderno -  |z Zapopan, Jalisco 
650 |a Arte Moderno -  |z México 
650 |a Arte Jalisciense -  |y 1980-1989 
650 |a Arte Jalisciense -  |y Siglo XX 
650 |a Arte Mexicano -  |y 1980-1989 
650 |a Arte Mexicano -  |y Siglo XX 
600 |a Peña, Julio de la 
910 |a Fondo Julio de la Peña Lomelín 
920 |a Gráficos - Planos Arquitectónicos 
940 |a Arquitectos Jaliscienses 
905 |a 501 
901 |a 0500153609  |b IT2  |c ARQ  |u 20250521 
901 |a 0500153612  |b IT2  |c ARQ  |u 20250521 
902 |a https://opac.biblio.iteso.mx/vufind/Record/000268777